Public relations campaigns / (Record no. 22982)

MARC details
000 -LEADER
fixed length control field 00928cam a22002535a 4500
008 - FIXED-LENGTH DATA ELEMENTS--GENERAL INFORMATION
fixed length control field 161101b xxu||||| |||| 00| 0 eng d
020 ## - INTERNATIONAL STANDARD BOOK NUMBER
International Standard Book Number 9780195559101
040 ## - CATALOGING SOURCE
Language of cataloging eng
Modifying agency EG-ScBUE
082 04 - DEWEY DECIMAL CLASSIFICATION NUMBER
Classification number 659.2
Edition number 22
Item number PUB
245 00 - TITLE STATEMENT
Title Public relations campaigns /
Statement of responsibility, etc edited by Mark Sheehan and Robina Xavier.
250 ## - EDITION STATEMENT
Edition statement 1st ed.
260 ## - PUBLICATION, DISTRIBUTION, ETC. (IMPRINT)
Place of publication, distribution, etc South Melbourne, Vic. ;
-- New York :
Name of publisher, distributor, etc Oxford University Press Australia & New Zealand,
Date of publication, distribution, etc 2009.
300 ## - PHYSICAL DESCRIPTION
Extent xii, 240 p. :
Other physical details ill. ;
Dimensions 25 cm.
504 ## - BIBLIOGRAPHY, ETC. NOTE
Bibliography, etc Includes bibliographical references and index.
590 ## - LOCAL NOTE (RLIN)
Local note shima
650 #7 - SUBJECT ADDED ENTRY--TOPICAL TERM
Topical term or geographic name as entry element Public relations.
Source of heading or term BUEsh
651 ## - SUBJECT ADDED ENTRY--GEOGRAPHIC NAME
Source of heading or term BUEsh
653 ## - INDEX TERM--UNCONTROLLED
Resource For college Communication and mass media
Arrived date list November2016
700 1# - ADDED ENTRY--PERSONAL NAME
Personal name Sheehan, Mark.
700 1# - ADDED ENTRY--PERSONAL NAME
Personal name Xavier, Robina.
906 ## - LOCAL DATA ELEMENT F, LDF (RLIN)
a 7
b cbc
c copycat
d 2
e ncip
f 20
g y-gencatlg
942 ## - ADDED ENTRY ELEMENTS (KOHA)
Source of classification or shelving scheme Dewey Decimal Classification
Holdings
Withdrawn status Item status Source of classification or shelving scheme Damaged status Not for loan Vendor Home library Current library Shelving location Date acquired Source of acquisition Cost, normal purchase price Serial Enumeration / chronology Total Checkouts Full call number Barcode Date last seen Date last borrowed Cost, replacement price Koha item type
    Dewey Decimal Classification     Baccah Central Library Central Library First floor 01/11/2016 Purchase 325.00 25840 1 659.2 PUB 000045206 15/07/2025 15/11/2017 406.25 Book - Borrowing